000 01019nac a22002651u 4500
010 _a 2005296255
020 _a0750654368
035 _a(OCoLC)ocm47900851
082 0 4 _a658.562
_bTRI
090 _c7227
_d7227
100 _aTricker, Ray.
245 1 0 _aISO 9001:2000 audit procedures /
_cRay Tricker.
260 _aAmsterdam ;
_aBoston :
_bElsevier Butterworth-Heinemann,2002
_c2002
300 _axiii, 275 p. :
_bill. ;
_c24 cm.
500 _adistributer: Al-Ahram
504 _aIncludes bibliographical references and index.
511 _acatalogued by: wessam
650 0 _aISO 9001 Standard
_xAuditing.
650 0 _aCompliance auditing.
650 0 _aQuality control
_xStandards.
650 0 _aQuality assurance
_xStandards.
856 4 2 _3Publisher description
_uhttp://www.loc.gov/catdir/enhancements/fy0627/2005296255-d.html
856 4 2 _3Table of contents only
_uhttp://www.loc.gov/catdir/enhancements/fy0627/2005296255-t.html
942 _cBB
_k658.562TRI
999 _c7227
_d7227